Perspectivas y orientaciones en investigación educacional en América Latina
Zapisane w:
| Główni autorzy: | , |
|---|---|
| Format: | Książka |
| Język: | hiszpański |
| Wydane: |
Santiago
CIDE
1984
|
| Hasła przedmiotowe: | |
| Etykiety: |
Dodaj etykietę
Nie ma etykietki, Dołącz pierwszą etykiete!
|
MARC
| LEADER | 00000nam a2200000 a 4500 | ||
|---|---|---|---|
| 001 | UCZ7340 | ||
| 003 | CL-VaPUC | ||
| 008 | 951228e19840000CL |||||||||||||||||spa|d | ||
| 082 | 0 | 4 | |a 370.78 |b GAR |2 21 |
| 100 | |a García-Huidobro Saavedra, Juan Eduardo |e author |9 489835 | ||
| 700 | |a Gutiérrez N., Gonzalo |e author |9 352157 | ||
| 245 | 1 | 0 | |a Perspectivas y orientaciones en investigación educacional en América Latina |
| 300 | |a 63 p | ||
| 942 | |c BK | ||
| 945 | |d 19951228 00:00:00 |a cmena | ||
| 260 | |a Santiago |b CIDE |c 1984 | ||
| 650 | 0 | |a Investigación educacional |9 261192 | |
| 650 | 7 | |a EDUCACION COMPARADA |2 CL-VaPUC |9 307694 | |
| 650 | 0 | |a Evaluación de la educación |9 237505 | |
| 650 | 7 | |a DESARROLLO DE LA EDUCACION |2 CL-VaPUC |9 352158 | |
| 651 | 0 | |a América Latina |9 255027 | |
| 583 | |a last modification |c 19951228 00:00:00 |k Rodrigo Vera | ||
| 999 | |c 243433 |d 243431 | ||
| 952 | |0 0 |1 0 |4 0 |6 370_780000000000000_GAR_1984 |7 0 |8 P |9 257055 |a BIBEDU |b BIBEDU |c BIBEDU_PB |d 2019-11-19 |i 1613499 |o 370.78 GAR 1984 |p 1613499 |r 2024-01-25 |w 2019-11-19 |y BK |k EDU | ||